[Event "Mechanics' Fall TNM; 30/90, SD/30"]
[Site "San Francisco"]
[Date "2012.10.16"]
[Round "1.14"]
[White "Rakonitz, David"]
[Black "Krasnov, Steven"]
[Result "0-1"]
[WhiteElo "1479"]
[BlackElo "1959"]
[PlyCount "122"]
[EventDate "2012.??.??"]

1. d4 Nf6 2. Nf3 b6 3. c4 e6 4. a3 Bb7 5. Nc3 d5 6. Bg5 Nbd7 7. cxd5 exd5 8. e3
Be7 9. Bd3 h6 10. Bh4 O-O 11. O-O Ne4 12. Bxe7 Qxe7 13. Rc1 a6 14. Re1 Rfe8 15.
Bb1 Rac8 16. Ba2 Qd6 17. Re2 c6 18. Rec2 Rcd8 19. h3 c5 20. dxc5 Ndxc5 21. Nd4
Qf6 22. Qf3 Qxf3 23. Nxf3 Rd6 24. Nxe4 dxe4 25. Nd4 Nd3 26. Rc7 $1 Rf6 27. R1c2
Rb8 28. Bc4 Ne5 29. Be2 a5 30. Bb5 Bd5 31. Nc6 Nxc6 32. Bxc6 Rd8 33. Bxd5 Rxd5
34. Re7 Rd1+ 35. Kh2 Rf1 36. Kg3 Rg6+ 37. Kh2 f5 38. Rc8+ Kh7 39. Rc2 h5 40.
Re5 Rf6 41. g3 Kh6 42. Kg2 Rb1 43. Re7 h4 44. Re5 hxg3 45. fxg3 Re1 46. Kf2 Rh1
47. Kg2 Rd1 48. Rf2 Kg6 49. g4 fxg4 50. hxg4 Rxf2+ 51. Kxf2 Rd2+ 52. Kg3 Rxb2
53. Rxe4 Rb3 54. Kf4 Kf6 55. g5+ Kf7 56. a4 Rb4 57. Kf5 g6+ 58. Ke5 Rxe4+ 59.
Kxe4 Ke6 60. Kf4 $2 Kd5 61. Kf3 b5 0-1

[Event "Mechanics' Fall TNM; 30/90, SD/30"]
[Site "San Francisco"]
[Date "2012.12.04"]
[Round "8.14"]
[White "Rakonitz, David"]
[Black "Murilo, Filho"]
[Result "1/2-1/2"]
[WhiteElo "1479"]
[BlackElo "1832"]
[PlyCount "96"]
[EventDate "2012.??.??"]

1. d4 d5 2. Nf3 Nf6 3. c4 e6 4. Nc3 Be7 5. Bg5 O-O 6. e3 c6 7. Qc2 Na6 8. a3 h6
9. Bh4 Nc7 10. Bd3 b6 11. O-O Ba6 12. cxd5 Bxd3 13. Qxd3 Ncxd5 14. Rac1 Rc8 15.
Nxd5 Nxd5 16. Bxe7 Nxe7 17. Rfd1 Ng6 18. Rc3 Qd7 19. Rdc1 Rc7 20. h3 Rd8 21.
Qe4 Rdc8 22. b4 Qd5 23. Qxd5 exd5 24. Nd2 a6 25. Nf3 f6 26. Ne1 Kf7 27. Nd3 Ke7
28. Kf1 Kd6 29. Ke2 Re8 30. Nb2 Nf4+ 31. Kf1 Ne6 32. Na4 Rb8 33. Nb2 g5 34. Nd3
h5 35. g3 Rbc8 36. Ke2 c5 37. bxc5+ bxc5 38. dxc5+ Nxc5 39. Nxc5 Rxc5 40. Kd3
Rxc3+ 41. Rxc3 Rxc3+ 42. Kxc3 Kc5 43. g4 h4 44. f3 a5 45. a4 Kc6 46. Kd4 Kd6
47. e4 dxe4 48. fxe4 Ke6 1/2-1/2

[Event "Mechanics' Mar TNM; 30/90, SD/30"]
[Site "San Francisco"]
[Date "2012.08.21"]
[Round "4.28"]
[White "Rakonitz, David"]
[Black "Otterbach, Renate"]
[Result "1-0"]
[WhiteElo "1495"]
[BlackElo "700"]
[PlyCount "35"]
[EventDate "2012.??.??"]

1. d4 d5 2. Nf3 e6 3. c4 Nf6 4. Nc3 dxc4 5. e3 Bb4 6. Qa4+ c6 7. Qxb4 Nd5 8.
Qxc4 Nd7 9. Bd3 O-O 10. O-O N7f6 11. a3 Bd7 12. Bc2 Re8 13. Qd3 Ne7 14. e4 Qc7
15. e5 g6 16. exf6 Nf5 17. Be3 Qd8 18. Ne4 1-0

[Event "Mechanics' Winter TNM; 30/90, SD/30"]
[Site "San Francisco"]
[Date "2012.01.10"]
[Round "2.4"]
[White "Ramachandran, Jayakrishnan"]
[Black "Narayanan, Praveen"]
[Result "0-1"]
[WhiteElo "1791"]
[BlackElo "1986"]
[PlyCount "114"]
[EventDate "2012.??.??"]

1. e4 e6 2. d4 d5 3. Nd2 Be7 4. c3 Nf6 5. e5 Nfd7 6. Bd3 c5 7. Ne2 Nc6 8. O-O
Qb6 9. Nf3 cxd4 10. cxd4 f6 11. exf6 Bxf6 12. Bb1 O-O 13. Nf4 Nxd4 14. Qd3
Nxf3+ 15. gxf3 g6 16. Nxg6 Rf7 17. Nf4 Ne5 18. Qe2 Bd7 19. Nd3 Bb5 20. f4 Rg7+
21. Kh1 Nxd3 22. Bxd3 Bxd3 23. Qxd3 Qd4 24. Qe2 e5 25. Be3 Qe4+ 26. f3 Qf5 27.
fxe5 Qxe5 28. Qd2 Re8 29. Bf4 Qf5 30. Rad1 d4 31. Rde1 Rge7 32. Rxe7 Rxe7 33.
Bd6 Re3 34. Qg2+ Kf7 35. f4 Qe4 36. Qxe4 Rxe4 37. Rf2 Ke6 38. Bb8 Kf5 39. Kg2
a6 40. Rd2 Re3 41. Kf2 Ke4 42. b3 Bh4+ 43. Kg2 Be1 44. Rc2 Bc3 45. Be5 Kd3 46.
Rf2 Ke4 47. Rc2 Re1 48. Kf2 Re3 49. Kg2 b5 50. Kf2 Kf5 51. Kg2 h5 52. Kf2 h4
53. Kg2 h3+ 54. Kf2 Kg4 55. Rc1 b4 56. Rc2 Be1+ 57. Kf1 d3 0-1

[Event "Mechanics' Fall TNM; 30/90, SD/30"]
[Site "San Francisco"]
[Date "2012.10.23"]
[Round "2.22"]
[White "Rood, Ben"]
[Black "Agdamag, Samuel"]
[Result "1-0"]
[WhiteElo "1700"]
[BlackElo "1413"]
[PlyCount "90"]
[EventDate "2012.??.??"]

1. e4 Nf6 2. e5 Nd5 3. d4 e6 4. Nf3 Be7 5. Bd3 d6 6. c3 Nc6 7. exd6 cxd6 8. O-O
Nf6 9. Re1 O-O 10. Bg5 Re8 11. Qc2 g6 12. Nbd2 Kg7 13. Ne4 Nxe4 14. Bxe7 Nxe7
15. Bxe4 d5 16. Bd3 a6 17. Ne5 Nc6 18. Nxc6 bxc6 19. Re3 Bb7 20. Rh3 f5 21. Re1
Qf6 22. Qd2 h5 23. Ree3 Re7 24. Reg3 Kf7 25. Qf4 e5 26. dxe5 Qxe5 27. Qg5 Qe6
28. Re3 Qf6 29. Rxe7+ Qxe7 30. Qh6 Qf6 31. Re3 Rc8 32. Qh7+ Kf8 33. Qxb7 Re8
34. Qb4+ Kf7 35. Rxe8 Kxe8 36. Qd4 Qe6 37. Qe3 Qxe3 38. fxe3 a5 39. b4 axb4 40.
cxb4 Kd7 41. Kf2 Kc7 42. h4 Kb6 43. a4 c5 44. bxc5+ Kxc5 45. a5 Kc6 1-0

[Event "Mechanics' Winter TNM; 30/90, SD/30"]
[Site "San Francisco"]
[Date "2012.02.21"]
[Round "8.17"]
[White "Royzen, Igor"]
[Black "Abraham, Renjish"]
[Result "1-0"]
[WhiteElo "1828"]
[BlackElo "1843"]
[PlyCount "51"]
[EventDate "2012.??.??"]

1. d4 d5 2. Bf4 e6 3. e3 Nf6 4. Nd2 c5 5. c3 Be7 6. Bd3 O-O 7. Ngf3 Nbd7 8. Ne5
Re8 9. Qf3 Nxe5 10. dxe5 Nd7 11. h4 f6 12. Qh5 Nf8 13. Nf3 f5 14. Ng5 Bxg5 15.
hxg5 g6 16. Qh6 Qb6 17. O-O-O a5 18. g4 c4 19. Bc2 Qc6 20. f3 Re7 21. e4 Rf7
22. gxf5 exf5 23. exd5 Qe8 24. e6 Bxe6 25. dxe6 Qxe6 26. Rhe1 1-0

[Event "Mechanics' Winter TNM; 30/90, SD/30"]
[Site "San Francisco"]
[Date "2012.02.14"]
[Round "7.10"]
[White "Royzen, Igor"]
[Black "Banik, Siddharth"]
[Result "0-1"]
[WhiteElo "1828"]
[BlackElo "1998"]
[PlyCount "100"]
[EventDate "2012.??.??"]

1. d4 Nf6 2. Bf4 e6 3. e3 c5 4. c3 Nc6 5. Nd2 Be7 6. Bd3 b6 7. Ngf3 Bb7 8. Qe2
O-O 9. h3 d6 10. O-O Re8 11. Rad1 Qc7 12. Ne4 Nxe4 13. Bxe4 f5 14. Bc2 Kh8 15.
Ng5 Bxg5 16. Bxg5 Qf7 17. dxc5 dxc5 18. f4 h6 19. Bh4 Rg8 20. Rd2 g5 21. fxg5
hxg5 22. Bg3 Raf8 23. Rfd1 Rd8 24. Be5+ Kh7 25. Rxd8 Nxd8 26. Qd2 g4 27. h4 Bc6
28. Qd6 Bd5 29. Bb3 c4 30. Bc2 Nb7 31. Qc7 Qxc7 32. Bxc7 Kg6 33. Be5 Nc5 34.
Rd4 Kh5 35. g3 Rc8 36. Bd6 Be4 37. Bxc5 bxc5 38. Rd2 Bxc2 39. Rxc2 Rd8 40. Kf2
e5 41. Ke2 f4 42. exf4 exf4 43. gxf4 Kxh4 44. Rc1 Kh3 45. Rh1+ Kg2 46. Rh5 Re8+
47. Re5 Rb8 48. Rxc5 Rxb2+ 49. Ke3 g3 50. f5 Kh2 0-1

[Event "Mechanics' Mar TNM; 30/90, SD/30"]
[Site "San Francisco"]
[Date "2012.08.07"]
[Round "2.7"]
[White "Royzen, Igor"]
[Black "Chamberlain, Ethan"]
[Result "0-1"]
[WhiteElo "1874"]
[BlackElo "1972"]
[PlyCount "42"]
[EventDate "2012.??.??"]

1. d4 Nf6 2. Bf4 g6 3. e3 Bg7 4. Nf3 O-O 5. Be2 d6 6. h3 c5 7. c4 Qa5+ 8. Qd2
Qb6 9. Nc3 Bf5 10. O-O Nc6 11. d5 Nb4 12. g4 Bd7 13. e4 h5 14. e5 Ne8 15. gxh5
Bxh3 16. Rfe1 gxh5 17. a3 dxe5 18. Bg5 f6 19. Be3 Na6 20. Nh4 f5 21. Bh6 $4
Bxh6 0-1

[Event "Mechanics' Spring TNM; 30/90, SD/30"]
[Site "San Francisco"]
[Date "2012.03.27"]
[Round "3.11"]
[White "Royzen, Igor"]
[Black "Grey, Peter"]
[Result "1/2-1/2"]
[WhiteElo "1849"]
[BlackElo "2013"]
[PlyCount "73"]
[EventDate "2012.??.??"]

1. d4 Nf6 2. Bf4 d6 3. h3 g6 4. e3 Bg7 5. Nf3 O-O 6. Be2 c5 7. c3 Be6 8. Qa4
cxd4 9. exd4 a6 10. O-O Nbd7 11. Nbd2 b5 12. Qa3 Nd5 13. Be3 N7b6 14. Nb3 Nxe3
15. fxe3 Bc4 16. Rae1 Bxe2 17. Rxe2 Nc4 18. Qb4 Qc7 19. e4 Rfb8 20. Nbd2 a5 21.
Qb3 a4 22. Qc2 Nxd2 23. Qxd2 b4 24. cxb4 Qc4 25. a3 Rc8 26. Rff2 Qc1+ 27. Kh2
Bh6 28. Qxc1 Rxc1 29. Rc2 Rc8 30. Rxc8+ Rxc8 31. Re2 Rc1 32. Kg3 Kf8 33. Kf2
Ke8 34. Ne1 Rd1 35. Nf3 Rb1 36. Ne1 Rd1 37. Nf3 1/2-1/2

[Event "Mechanics' Summer TNM; 30/90, SD/30"]
[Site "San Francisco"]
[Date "2012.05.22"]
[Round "1.24"]
[White "Royzen, Igor"]
[Black "Harris, Clarence"]
[Result "1-0"]
[WhiteElo "1851"]
[BlackElo "1335"]
[PlyCount "66"]
[EventDate "2012.??.??"]

1. d4 Nf6 2. Bf4 d6 3. e3 g6 4. h3 Bg7 5. Nf3 O-O 6. Be2 Nc6 7. O-O e6 8. c4 d5
9. Nc3 Ne7 10. c5 a6 11. b4 Ne4 12. Qc2 Bd7 13. a4 f5 14. b5 Re8 15. Rfb1 Nxc3
16. Qxc3 axb5 17. axb5 b6 18. c6 Rxa1 19. Rxa1 Bc8 20. Ra7 e5 21. Nxe5 Be6 22.
Nf3 Nc8 23. Bxc7 Qe7 24. Rb7 Nd6 25. Bxd6 Qxd6 26. Rxb6 Rc8 27. Ng5 Bd7 28. Qa5
Qc7 29. cxd7 Qxd7 30. Qa6 Rc1+ 31. Bf1 Qe7 32. Qa8+ Bf8 33. Qxd5+ Kh8 1-0

[Event "Mechanics' Summer TNM; 30/90, SD/30"]
[Site "San Francisco"]
[Date "2012.06.05"]
[Round "3.7"]
[White "Royzen, Igor"]
[Black "Klinetobe, David"]
[Result "1/2-1/2"]
[WhiteElo "1851"]
[BlackElo "2053"]
[PlyCount "84"]
[EventDate "2012.??.??"]

1. d4 Nf6 2. Bf4 c5 3. e3 Nd5 4. Bg3 Qb6 5. Nc3 Nxc3 6. bxc3 d6 7. Bd3 Nc6 8.
Nf3 Qb2 9. O-O Qxc3 10. Ng5 g6 11. Qf3 Nd8 12. Bb5+ Bd7 13. Bxd7+ Kxd7 14. Nxf7
Rg8 15. Nxd8 Kxd8 16. Qxb7 Rc8 17. Qd5 Rg7 18. Be5 e6 19. Bf6+ Kd7 20. Qb7+ Rc7
21. Qb5+ Rc6 22. Bxg7 Bxg7 23. Qb7+ Rc7 24. Qf3 Ke7 25. dxc5 Qxc5 26. Rab1 Qxc2
27. Rb7 d5 28. Rfb1 Bb2 29. Rxc7+ Qxc7 30. Qe2 Be5 31. g3 h5 32. Qa6 Qc2 33.
Rb7+ Kf6 34. Qxa7 Kg5 35. Qa6 Qd1+ 36. Kg2 Kf6 37. Rb6 Qg4 38. h3 Qe4+ 39. Kg1
Qf5 40. Kg2 Qe4+ 41. Kh2 Qf5 42. Kg2 Qe4+ 1/2-1/2

[Event "Mechanics' Summer TNM; 30/90, SD/30"]
[Site "San Francisco"]
[Date "2012.07.10"]
[Round "8.6"]
[White "Royzen, Igor"]
[Black "Krasnov, Steven"]
[Result "0-1"]
[WhiteElo "1851"]
[BlackElo "1994"]
[PlyCount "78"]
[EventDate "2012.??.??"]

1. d4 Nf6 2. Bf4 c5 3. e3 g6 4. c3 Qb6 5. Qb3 Qa5 6. Nf3 Bg7 7. Be2 cxd4 8.
exd4 O-O 9. O-O d6 10. Nbd2 Qf5 11. Bg3 Nc6 12. Qb5 Re8 13. Bd3 Qxb5 14. Bxb5
a6 15. Ba4 b5 16. Bb3 h6 17. Rfe1 Bd7 18. Re2 Nh5 19. Rae1 Nxg3 20. hxg3 Kf8
21. Bd5 Rac8 22. Ne4 f5 23. Ned2 Bf6 24. Be6 Bxe6 25. Rxe6 Kf7 26. Nb3 a5 27.
R6e2 a4 28. Nc1 e5 29. dxe5 dxe5 30. Rd2 e4 31. Nh2 b4 32. cxb4 Nxb4 33. Nf1
Nc2 34. Red1 Bxb2 35. Ne2 a3 36. Nf4 Nb4 37. Rd7+ Re7 38. Ne3 Rc1 39. Rxc1 Rxd7
0-1

[Event "Mechanics' Summer TNM; 30/90, SD/30"]
[Site "San Francisco"]
[Date "2012.06.19"]
[Round "5.8"]
[White "Royzen, Igor"]
[Black "Margulis, Igor"]
[Result "1-0"]
[WhiteElo "1851"]
[BlackElo "2100"]
[PlyCount "39"]
[EventDate "2012.??.??"]

1. d4 d6 2. Bf4 g6 3. e3 Bg7 4. Nf3 Nf6 5. h3 c5 6. c3 O-O 7. Be2 Nc6 8. O-O
Re8 9. Na3 a6 10. Nc4 b5 11. Ncd2 e5 12. Bh2 exd4 13. exd4 Bb7 14. a4 b4 15.
Nc4 bxc3 16. Nxd6 cxb2 17. Ra3 Ne4 18. Nxe8 Bxd4 19. Nxd4 cxd4 20. Nc7 1-0

[Event "Mechanics' Spring TNM; 30/90, SD/30"]
[Site "San Francisco"]
[Date "2012.04.24"]
[Round "7.7"]
[White "Royzen, Igor"]
[Black "Margulis, Igor"]
[Result "1-0"]
[WhiteElo "1849"]
[BlackElo "2100"]
[PlyCount "97"]
[EventDate "2012.??.??"]

1. d4 g6 2. Nf3 Bg7 3. Bf4 d6 4. e3 Nc6 5. Nc3 Bg4 6. h3 Bxf3 7. Qxf3 e5 8.
dxe5 dxe5 9. Rd1 Qc8 10. Bg3 Nge7 11. Bc4 O-O 12. O-O Nf5 13. Bh2 Nd6 14. Bb3
Kh8 15. Ne4 Nxe4 16. Qxe4 Qe8 17. Qd5 Qe7 18. Qd7 Rae8 19. Qxe7 Rxe7 20. Rd2
Na5 21. Rfd1 Nxb3 22. axb3 Bf6 23. Rd7 Rfe8 24. e4 Bg5 25. Kf1 Kg7 26. Ke2 Kf6
27. f3 Bf4 28. Bg1 a6 29. Bc5 b6 $4 30. Rxe7 Rxe7 31. Bxe7+ Kxe7 32. b4 Bg5 33.
Ra1 Kd7 34. Rxa6 Be7 35. b5 h5 36. Kd3 h4 37. Kc4 Kd6 38. Ra1 Ke6 39. Rd1 Bg5
40. Ra1 Bf6 41. Ra8 Kd6 42. Ra6 Bg5 43. b4 Ke6 44. Kb3 Kd6 45. c4 Kd7 46. c5
Bd8 47. Kc4 Ke6 48. Ra8 Be7 49. Rb8 1-0

[Event "Mechanics' Winter TNM; 30/90, SD/30"]
[Site "San Francisco"]
[Date "2012.01.31"]
[Round "5.18"]
[White "Royzen, Igor"]
[Black "Morgan, Jerry"]
[Result "1-0"]
[WhiteElo "1828"]
[BlackElo "1447"]
[PlyCount "73"]
[EventDate "2012.??.??"]

1. d4 d5 2. Bf4 Nf6 3. e3 Bf5 4. c4 c6 5. Nc3 e6 6. Qb3 Qc8 7. Nf3 Nbd7 8. cxd5
exd5 9. Be2 Be7 10. O-O O-O 11. Rac1 Nb6 12. a4 Qe6 13. Ng5 Qd7 14. a5 Nc8 15.
Nf3 Bd6 16. Ne5 Qe7 17. a6 Bxe5 18. dxe5 Ne8 19. axb7 Rb8 20. bxc8=Q Rxc8 21.
Na4 g6 22. Ba6 Ng7 23. Bxc8 Rxc8 24. Nc5 g5 25. Bg3 Nh5 26. Qb7 Rc7 27. Qb8+
Rc8 28. Qd6 Qxd6 29. exd6 Rd8 30. d7 Nxg3 31. hxg3 a5 32. Ra1 Bxd7 33. Nxd7
Rxd7 34. Rxa5 Rb7 35. Rb1 Rb4 36. Rc5 Rb6 37. b4 1-0

[Event "Mechanics' Winter TNM; 30/90, SD/30"]
[Site "San Francisco"]
[Date "2012.01.10"]
[Round "2.3"]
[White "Royzen, Igor"]
[Black "Traub, Igor"]
[Result "0-1"]
[WhiteElo "1828"]
[BlackElo "2126"]
[PlyCount "80"]
[EventDate "2012.??.??"]

1. d4 d5 2. Bf4 Nf6 3. e3 Bf5 4. c4 e6 5. Nc3 Bd6 6. Bg3 c6 7. Qb3 b6 8. Nf3
O-O 9. cxd5 exd5 10. Be2 Re8 11. O-O Bxg3 12. hxg3 Nbd7 13. Rac1 Rc8 14. Qa3 a5
15. Rfd1 Ng4 16. Nb1 Ndf6 17. Nbd2 Nxf2 18. Kxf2 Ng4+ 19. Kg1 Rxe3 20. Rc3 Rxe2
21. Rdc1 c5 22. dxc5 d4 23. Rc4 Rxd2 24. Nxd2 b5 25. Rf1 Ne3 26. Rcc1 b4 27.
Qb3 Be6 28. Qa4 Nxf1 29. Nxf1 Qg5 30. Qc2 Bf5 31. Qc4 Bd3 32. Qxd3 Qxc1 33.
Qxd4 Qxc5 34. Qxc5 Rxc5 35. Ne3 f5 36. Kf2 Rc1 37. Ke2 Ra1 38. Nxf5 Rxa2 39.
Ne7+ Kf7 40. Nc6 Rxb2+ 0-1

[Event "Mechanics' Spring TNM; 30/90, SD/30"]
[Site "San Francisco"]
[Date "2012.03.20"]
[Round "2.11"]
[White "Royzen, Igor"]
[Black "Watson, Farid"]
[Result "1/2-1/2"]
[WhiteElo "1849"]
[BlackElo "2025"]
[PlyCount "116"]
[EventDate "2012.??.??"]

1. d4 g6 2. Nf3 Bg7 3. Bf4 d6 4. e3 Nf6 5. h3 O-O 6. Be2 c5 7. c3 a6 8. O-O
Nbd7 9. Nbd2 b5 10. Ne1 Bb7 11. Bf3 Qb6 12. Bxb7 Qxb7 13. Qf3 Qxf3 14. Nexf3
Rac8 15. Rac1 Nd5 16. Bg3 N5b6 17. Bf4 Na4 18. Rb1 h6 19. Rfc1 Nab6 20. Re1 e5
21. Bg3 f5 22. dxe5 dxe5 23. e4 f4 24. Bh2 c4 25. Red1 Nc5 26. Ne1 Rfd8 27. f3
Rd7 28. Kf1 Rcd8 29. Ke2 Nba4 30. Bg1 Bf8 31. Bf2 Kf7 32. Bh4 g5 33. Bf2 Be7
34. Bg1 Kg6 35. Bf2 h5 36. Bg1 Ne6 37. Nc2 a5 38. Bf2 Bc5 39. Bxc5 Nexc5 40.
Ne1 Nd3 41. Nxd3 Rxd3 42. Ke1 Kf6 43. Ke2 Ke6 44. Ke1 R8d6 45. Ke2 Kd7 46. Ke1
Kc6 47. Ke2 Kc5 48. Ke1 b4 49. cxb4+ axb4 50. Ke2 Kb5 51. Nxc4 Rxd1 52. Rxd1
Rxd1 53. Kxd1 Kxc4 54. b3+ Kb5 55. bxa4+ Kxa4 56. Kc2 Ka3 57. Kb1 b3 58. axb3
Kxb3 1/2-1/2

[Event "Mechanics' Mar TNM; 30/90, SD/30"]
[Site "San Francisco"]
[Date "2012.09.25"]
[Round "9.23"]
[White "Rubandas, Samprabhu"]
[Black "Allen, Tom"]
[Result "0-1"]
[WhiteElo "1303"]
[BlackElo "1459"]
[PlyCount "36"]
[EventDate "2012.??.??"]

1. e4 e5 2. Nf3 Nc6 3. Bb5 f5 4. exf5 e4 5. Qe2 Qe7 6. Ng1 Nf6 7. Nc3 Nd4 8.
Qd1 Nxb5 9. Nxb5 Qe5 10. Nc3 Bc5 11. Nh3 d5 12. d3 exd3+ 13. Kf1 dxc2 14. Qxc2
Bxf5 15. Qa4+ c6 16. Bf4 Bd3+ 17. Kg1 Qe7 18. Re1 Qxe1# 0-1

[Event "Mechanics' Mar TNM; 30/90, SD/30"]
[Site "San Francisco"]
[Date "2012.08.07"]
[Round "2.26"]
[White "Rubandas, Samprabhu"]
[Black "Flores, David"]
[Result "0-1"]
[WhiteElo "1303"]
[BlackElo "1605"]
[PlyCount "86"]
[EventDate "2012.??.??"]

1. e4 e5 2. Nf3 Nc6 3. Bb5 Nd4 4. Nxd4 exd4 5. e5 Qg5 6. O-O Bc5 7. d3 Qg6 8.
Nd2 Ne7 9. Nf3 O-O 10. c4 d6 11. Re1 Bg4 12. Ba4 Rad8 13. a3 a5 14. Bg5 Bxf3
15. Qxf3 Qxg5 16. Re4 dxe5 17. Rae1 f6 18. Rg4 Qf5 19. Qh3 h5 20. Rg3 Kh7 21.
Re4 Qxh3 22. Rxh3 Kh6 23. Bd1 g6 24. g4 Rg8 25. gxh5 gxh5+ 26. Kf1 Rg5 27. f4
Rf5 28. Bg4 Rxf4+ 29. Rxf4 exf4 30. Rxh5+ Kg6 31. Rxc5 f5 32. Bf3 c6 33. Rxa5
Kf6 34. h4 Rd7 35. b4 Ng6 36. Ra7 Re7 37. h5 Nh4 38. Bh1 Re3 39. Rxb7 Rxd3 40.
a4 Rd1+ 41. Ke2 Rxh1 42. b5 f3+ 43. Kf2 Rh2+ 0-1

[Event "Mechanics' Mar TNM; 30/90, SD/30"]
[Site "San Francisco"]
[Date "2012.09.18"]
[Round "8.20"]
[White "Rubandas, Samprabhu"]
[Black "Russell, Ryan"]
[Result "0-1"]
[WhiteElo "1303"]
[BlackElo "1731"]
[PlyCount "52"]
[EventDate "2012.??.??"]

1. e4 e5 2. Nf3 d6 3. Bc4 Bg4 4. Nc3 Nf6 5. O-O g6 6. d3 Bg7 7. Bg5 Nbd7 8. Re1
O-O 9. a4 c6 10. b4 h6 11. Bh4 g5 12. Bg3 Nh5 13. b5 Nxg3 14. fxg3 Qa5 15. Rf1
$4 Qxc3 16. h3 Bxf3 17. Rxf3 d5 18. exd5 cxd5 19. Bxd5 e4 20. Rf1 Qxa1 21. Qxa1
Bxa1 22. Rxa1 exd3 23. cxd3 Rab8 24. Rc1 Nb6 25. Bb3 Rbc8 26. Rf1 Rc3 0-1

[Event "Mechanics' Fall TNM; 30/90, SD/30"]
[Site "San Francisco"]
[Date "2012.10.16"]
[Round "1.20"]
[White "Rubandhas, Samprabhu"]
[Black "Abraham, Renjish"]
[Result "0-1"]
[WhiteElo "1266"]
[BlackElo "1877"]
[PlyCount "78"]
[EventDate "2012.??.??"]

1. e4 c5 2. d4 cxd4 3. c3 dxc3 4. Nxc3 e6 5. Bc4 Nc6 6. Nf3 Bb4 7. O-O Bxc3 8.
bxc3 Nge7 9. e5 Qc7 10. Re1 b6 11. Ba3 Bb7 12. Bd6 Qd8 13. Ng5 Nf5 14. f4 Nxd6
15. exd6 Qf6 16. Qf3 Na5 17. Bd5 Bxd5 18. Qxd5 O-O 19. Qe5 Qxe5 20. fxe5 Rac8
21. Rac1 Rc4 22. Re4 Rxe4 23. Nxe4 Nc4 24. Re1 Nxe5 25. Nc5 bxc5 26. Rxe5 Rc8
27. Kf2 f6 28. Re4 Rc6 29. Rc4 Kf7 30. Kf3 Rxd6 31. Rxc5 Rc6 32. Rxc6 dxc6 33.
Ke4 e5 34. g4 Ke6 35. c4 g6 36. h3 f5+ 37. Kf3 Kd6 38. Ke3 Kc5 39. gxf5 gxf5
0-1

[Event "Mechanics' Fall TNM; 30/90, SD/30"]
[Site "San Francisco"]
[Date "2012.11.20"]
[Round "6.25"]
[White "Rubandhas, Samprabhu"]
[Black "Rakonitz, David"]
[Result "0-1"]
[WhiteElo "1266"]
[BlackElo "1479"]
[PlyCount "58"]
[EventDate "2012.??.??"]

1. e4 e6 2. d4 d5 3. Nd2 dxe4 4. Nxe4 Nd7 5. Nf3 Ngf6 6. Bd3 Nxe4 7. Bxe4 Nf6
8. Bd3 c5 9. c3 cxd4 10. Qa4+ Bd7 11. Qxd4 Qc7 12. Bf4 Qc5 13. O-O Qxd4 14.
cxd4 Nd5 15. Bg3 Bb4 16. Rac1 O-O 17. Ne5 Rfd8 18. f4 Bd2 19. Rc2 Be3+ 20. Kh1
Bxd4 21. Rc4 Bb6 22. Nxd7 Rxd7 23. Rf3 Ne3 24. Rc3 Rad8 25. Bf2 Rxd3 26. Rxd3
Rxd3 27. h3 Rd1+ 28. Bg1 Nd5 29. Rc3 Nxc3 0-1

[Event "Mechanics' Winter TNM; 30/90, SD/30"]
[Site "San Francisco"]
[Date "2012.01.10"]
[Round "2.2"]
[White "Rumph, Todd"]
[Black "Abraham, Renjish"]
[Result "1-0"]
[WhiteElo "2168"]
[BlackElo "1843"]
[PlyCount "55"]
[EventDate "2012.??.??"]

1. c4 e5 2. g3 Nf6 3. Bg2 Bc5 4. Nc3 Nc6 5. e3 O-O 6. Nge2 Re8 7. O-O a5 8. d4
exd4 9. exd4 Ba7 10. Nd5 Nxd5 11. cxd5 Ne7 12. d6 cxd6 13. Nc3 Qb6 14. Re1 Kf8
15. Qe2 Qd8 16. Nb5 Bb8 17. Bf4 Ng6 18. Qxe8+ Qxe8 19. Rxe8+ Kxe8 20. Nxd6+
Bxd6 21. Bxd6 Ra6 22. Bc7 a4 23. d5 Ne7 24. Re1 Kf8 25. Bf1 Rf6 26. Bd8 Nxd5
27. Bxf6 Nxf6 28. Rc1 1-0

[Event "Mechanics' Spring TNM; 30/90, SD/30"]
[Site "San Francisco"]
[Date "2012.04.17"]
[Round "6.4"]
[White "Rumph, Todd"]
[Black "Byambaa, Uyanga"]
[Result "0-1"]
[WhiteElo "2183"]
[BlackElo "2029"]
[PlyCount "102"]
[EventDate "2012.??.??"]

1. c4 e5 2. g3 f5 3. d4 e4 4. Nc3 Nf6 5. Bg5 Be7 6. Nh3 d6 7. Nf4 Nc6 8. e3 O-O
9. h4 Ng4 10. Bxe7 Nxe7 11. Be2 Nh6 12. Qd2 a6 13. Rd1 Bd7 14. h5 Kh8 15. Qc2
c6 16. c5 d5 17. b4 Neg8 18. a4 Qg5 19. Rb1 Ng4 20. Kf1 Rf6 21. Kg2 Rh6 22. b5
axb5 23. axb5 N8f6 24. bxc6 bxc6 25. Rb7 Bc8 26. Rc7 Ne8 27. Rxc8 Rxc8 28. Na4
Nc7 29. Nb6 Rd8 30. Qa4 Kg8 31. Bd1 Qf6 32. Kf1 g5 33. Ng2 Nb5 34. Bb3 Nc7 35.
Ke2 Ne6 36. Rg1 Rxh5 37. Kd2 Nc7 38. Qa7 Qf7 39. Qa5 Rh2 40. Ba4 Nxf2 41. Bxc6
Nh3 42. Nxd5 Ne6 43. Rb1 Rxg2+ 44. Kc3 Rxg3 45. Rb7 Qf8 46. Bd7 Nhf4 47. Kb3
Nxd4+ 48. Kc4 Nxd5 49. exd4 Ne7 50. Be6+ Kh8 51. Qc7 Rxd4+ 0-1

[Event "Mechanics' Spring TNM; 30/90, SD/30"]
[Site "San Francisco"]
[Date "2012.03.20"]
[Round "2.4"]
[White "Rumph, Todd"]
[Black "Curto, Barry"]
[Result "1-0"]
[WhiteElo "2183"]
[BlackElo "1902"]
[PlyCount "45"]
[EventDate "2012.??.??"]

1. d4 Nf6 2. c4 g6 3. Nc3 Bg7 4. e4 d6 5. Be2 O-O 6. Bg5 c5 7. d5 e6 8. Qd2 e5
9. h4 h5 10. f3 Qe8 11. a4 Nh7 12. g4 f5 13. gxh5 gxh5 14. Nb5 Qd7 15. exf5 a6
16. Nc3 Qxf5 17. Bd3 Qf7 18. Ne4 Qc7 19. Ng3 Qf7 20. Ra3 a5 21. Qc2 Bf6 22.
Nxh5 Qxh5 23. Bg6 1-0

[Event "Mechanics' Summer TNM; 30/90, SD/30"]
[Site "San Francisco"]
[Date "2012.05.22"]
[Round "1.4"]
[White "Rumph, Todd"]
[Black "Dembling, Arthur"]
[Result "1-0"]
[WhiteElo "2182"]
[BlackElo "1708"]
[PlyCount "71"]
[EventDate "2012.??.??"]

1. c4 e5 2. g3 Nc6 3. Nc3 Bb4 4. Bg2 Nge7 5. Nd5 Nxd5 6. cxd5 Ne7 7. Nf3 Bd6 8.
e4 O-O 9. d4 Ng6 10. O-O c6 11. dxe5 Nxe5 12. Nd4 cxd5 13. exd5 Bc7 14. h3 d6
15. b3 Bb6 16. Bb2 Bd7 17. Kh2 Rc8 18. f4 Ng6 19. Be4 Re8 20. Bf5 Bxf5 21. Nxf5
f6 22. Qd3 Qd7 23. Rae1 Bc5 24. h4 Ne7 25. Re6 Nxf5 26. Qxf5 Rxe6 27. dxe6 Qe7
28. h5 Bb4 29. Qe4 Ba5 30. Rf2 Rc5 31. f5 Bb6 32. Rd2 Kf8 33. Ba3 Rc6 34. Qxc6
bxc6 35. Bxd6 Qxd6 36. Rxd6 1-0